Angel Characters by Image Quiz Stats

 Plays Quiz not verified by Sporcle

Score 0/42 Timer 06:00
0 Plays Today
Picture # Character Name % Correct
18Angel
93.8%
1Spike
93.6%
5Charles Gunn
90.8%
21Cordelia Chase
89.6%
16Winifred 'Fred' Burkle
88.6%
15Wesley Wyndam-Pryce
88.4%
6Lorne
86.4%
38Drusilla
86.4%
42Connor
86.4%
10Lilah Morgan
84.9%
24Darla
84.9%
40Lindsey McDonald
84.9%
37Harmony Kendall
83.4%
35Allen Francis Doyle
81.7%
29Angelus
80.2%
26Faith
79.7%
11Kate Lockley
79.5%
12Jasmine
77.7%
25Illyria
76%
7The Beast
74.5%
32Groosalugg
72.3%
Picture # Character Name % Correct
31Daniel Holtz
72%
4Skip
71.3%
28Gavin Park
70%
19Eve
69.1%
30Holland Manners
67.6%
3Gwen Raiden
67.1%
17Justine Cooper
63.4%
33Hamilton Marcus
62.9%
20Anne Steele
62.6%
9Merl
58.4%
27Knox
58.2%
2Nina Ash
55.9%
14Virginia Bryce
51.2%
8Linwood Murrow
48.3%
22Cyvus Vail
47.3%
23Sahjhan
46.5%
34Archduke Sebassis
38.9%
41Senator Helen Brucker
37.9%
36Ed Grand Potentate of FellBrethern
21.3%
39Izzerial The Devil
20.8%
13Leader of the Sahrvin Clan
17.6%

You're not logged in!

Compare scores with friends on all Sporcle quizzes.
OR
Log In

Show Comments

Extras

Top Quizzes Today


Score Distribution

Your Account Isn't Verified!

In order to create a playlist on Sporcle, you need to verify the email address you used during registration. Go to your Sporcle Settings to finish the process.

Report this User

Report this user for behavior that violates our Community Guidelines.

Details: